000 00309nam a22001337a 4500
008 171104b xxu||||| |||| 00| 0 eng d
020 _a9780071451505
041 _aeng
080 _a339.138
100 _a61
101 _aSHTJ
245 _aMAKING MILLIONS IN DIRECT SALES
_cMALAGHAN, M.G
942 _2udc
_cBK
999 _c37602
_d37602